Francisco Ayala
Guardat en:
| Autor principal: | |
|---|---|
| Format: | Llibre |
| Idioma: | espanyol |
| Publicat: |
Madrid
Ministerio de Cultura
1982
|
| Col·lecció: | España, Escribir Hoy, 8
|
| Matèries: | |
| Etiquetes: |
Afegir etiqueta
Sense etiquetes, Sigues el primer a etiquetar aquest registre!
|
MARC
| LEADER | 00000nam a2200000 a 4500 | ||
|---|---|---|---|
| 001 | UCT6656 | ||
| 003 | CL-VaPUC | ||
| 008 | 970113e19820000SP |||||||||||||||||spa|d | ||
| 082 | 0 | 4 | |a 863.09 |b GIL |2 21 |
| 100 | |a Gil, Ildefonso Manuel, |d 1912-2003 |e autor |9 376909 | ||
| 245 | 1 | 0 | |a Francisco Ayala |
| 300 | |a 177 p | ||
| 942 | |c BK | ||
| 945 | |d 19970113 00:00:00 |a rleighto | ||
| 260 | |a Madrid |b Ministerio de Cultura |c 1982 | ||
| 650 | 7 | |a NOVELA ESPAÑOLA |2 CL-VaPUC |9 313139 | |
| 650 | 0 | |a Crítica literaria |9 269189 | |
| 650 | 0 | |a Crítica e interpretación |9 255042 | |
| 583 | |a last modification |c 19970113 00:00:00 |k Rodrigo Vera | ||
| 490 | 0 | |a España, Escribir Hoy, 8 | |
| 999 | |c 255338 |d 255336 | ||
| 952 | |0 0 |1 0 |4 0 |6 863_090000000000000_GIL_1982 |7 0 |8 A |9 277546 |a BIBEDU |b BIBEDU |d 2019-11-19 |i 3273776 |o 863.09 GIL 1982 |p 3273776 |r 2019-11-19 |w 2019-11-19 |y BK |k LIT | ||